<?xml version="1.0" encoding="UTF-8"?><?xml-stylesheet type="text/xsl" href="static/style.xsl"?><OAI-PMH xmlns="http://www.openarchives.org/OAI/2.0/" xmlns:xsi="http://www.w3.org/2001/XMLSchema-instance" xsi:schemaLocation="http://www.openarchives.org/OAI/2.0/ http://www.openarchives.org/OAI/2.0/OAI-PMH.xsd"><responseDate>2026-04-14T04:57:12Z</responseDate><request verb="GetRecord" identifier="oai:www.recercat.cat:20.500.12327/2024" metadataPrefix="marc">https://recercat.cat/oai/request</request><GetRecord><record><header><identifier>oai:recercat.cat:20.500.12327/2024</identifier><datestamp>2025-10-22T11:27:23Z</datestamp><setSpec>com_2072_4428</setSpec><setSpec>com_2072_4427</setSpec><setSpec>col_2072_487898</setSpec></header><metadata><record xmlns="http://www.loc.gov/MARC21/slim" xmlns:dcterms="http://purl.org/dc/terms/" xmlns:xsi="http://www.w3.org/2001/XMLSchema-instance" xmlns:doc="http://www.lyncode.com/xoai" xsi:schemaLocation="http://www.loc.gov/MARC21/slim http://www.loc.gov/standards/marcxml/schema/MARC21slim.xsd">
   <leader>00925njm 22002777a 4500</leader>
   <datafield ind2=" " ind1=" " tag="042">
      <subfield code="a">dc</subfield>
   </datafield>
   <datafield ind2=" " ind1=" " tag="720">
      <subfield code="a">Kowalska, Iwona</subfield>
      <subfield code="e">author</subfield>
   </datafield>
   <datafield ind2=" " ind1=" " tag="720">
      <subfield code="a">Moldoch, Jaroslaw</subfield>
      <subfield code="e">author</subfield>
   </datafield>
   <datafield ind2=" " ind1=" " tag="720">
      <subfield code="a">Pawelec, Sylwia</subfield>
      <subfield code="e">author</subfield>
   </datafield>
   <datafield ind2=" " ind1=" " tag="720">
      <subfield code="a">Podolska, Grazyna</subfield>
      <subfield code="e">author</subfield>
   </datafield>
   <datafield ind2=" " ind1=" " tag="720">
      <subfield code="a">von Cossel, Moritz</subfield>
      <subfield code="e">author</subfield>
   </datafield>
   <datafield ind2=" " ind1=" " tag="720">
      <subfield code="a">Derycke, Veerle</subfield>
      <subfield code="e">author</subfield>
   </datafield>
   <datafield ind2=" " ind1=" " tag="720">
      <subfield code="a">Haesaert, Geert</subfield>
      <subfield code="e">author</subfield>
   </datafield>
   <datafield ind2=" " ind1=" " tag="720">
      <subfield code="a">Lana, Marcos A.</subfield>
      <subfield code="e">author</subfield>
   </datafield>
   <datafield ind2=" " ind1=" " tag="720">
      <subfield code="a">Lopes, Marta S.</subfield>
      <subfield code="e">author</subfield>
   </datafield>
   <datafield ind2=" " ind1=" " tag="720">
      <subfield code="a">Riche, Andrew B.</subfield>
      <subfield code="e">author</subfield>
   </datafield>
   <datafield ind2=" " ind1=" " tag="720">
      <subfield code="a">Stützel, Hartmut</subfield>
      <subfield code="e">author</subfield>
   </datafield>
   <datafield ind2=" " ind1=" " tag="720">
      <subfield code="a">Hackett, Richie</subfield>
      <subfield code="e">author</subfield>
   </datafield>
   <datafield ind2=" " ind1=" " tag="720">
      <subfield code="a">Wieslaw, Oleszek</subfield>
      <subfield code="e">author</subfield>
   </datafield>
   <datafield ind2=" " ind1=" " tag="260">
      <subfield code="c">2022-07-21</subfield>
   </datafield>
   <datafield ind2=" " ind1=" " tag="520">
      <subfield code="a">Different factors such as the genotype, environmental conditions, temperature stress, solar radiation and others can influence the phytochemical status of plants. The concentration of phenolic acids and alkylresorciols (ARs) as well as their chemical composition and biological activity have been determined in twelve winter wheat cultivars grown at eight European locations. This was the first winter wheat multi-location field trial of the European Consortium for Open Field Experimentation (ECOFE). Extracts from grain were analyzed using a UPLC-PDA-ESI-MS system (phenolic acids), UPLC-PDA-MS/MS (alkylresorcinols) and TLC-DPPH• test with ImageJ program (antiradical activity). The phenolic acid profile consisted of five hydroxybenzoic acid and four hydroxycinnamic acid derivatives, among which ferulic and sinapic acids were predominated. The ARs profile consisted of nine AR derivatives, among which 5-n-heneicosylresorcinol (C21:0) and 5-n-nonadecanylresorcinol (C19:0) were predominated. Our study showed significant differences in phenolic acids and AR content between wheat cultivars, as well as between locations. We observed a positive correlation between the biological activity of extracts and the total amount of phenolic acids and ARs. Two cultivars, Chambo and Julius (average of all sites) and samples from the Spanish site (average of all cultivars) showed the highest content and composition of nutritional substances.</subfield>
   </datafield>
   <datafield ind1="8" ind2=" " tag="024">
      <subfield code="a">Kowalska, Iwona, Jarosław Mołdoch, Sylwia Pawelec, Grażyna Podolska, Moritz von Cossel, Veerle Derycke, and Geert Haesaert et al. 2022. "Environmental And Cultivar Variability In Composition, Content And Biological Activity Of Phenolic Acids And Alkylresorcinols Of Winter Wheat Grains From A Multi-Site Field Trial Across Europe". Journal Of Cereal Science 107: 103527. doi:10.1016/j.jcs.2022.103527.</subfield>
   </datafield>
   <datafield ind1="8" ind2=" " tag="024">
      <subfield code="a">0733-5210</subfield>
   </datafield>
   <datafield ind1="8" ind2=" " tag="024">
      <subfield code="a">http://hdl.handle.net/20.500.12327/2024</subfield>
   </datafield>
   <datafield ind1="8" ind2=" " tag="024">
      <subfield code="a">https://doi.org/10.1016/j.jcs.2022.103527</subfield>
   </datafield>
   <datafield ind2="0" ind1="0" tag="245">
      <subfield code="a">Environmental and cultivar variability in composition, content and biological activity of phenolic acids and alkylresorcinols of winter wheat grains from a multi-site field trial across Europe</subfield>
   </datafield>
</record></metadata></record></GetRecord></OAI-PMH>